Nghiên cứu điều chế MOF - 199 và khảo sát khả năng hấp phụ CO2 của vật liệu : Luận văn thạc sĩ chuyên ngành hóa lý thuyết và hóa lý

Phân tích cấu trúc tinh thể bằng nhiễu xạ tia X, phân tích liên kết và nhóm chức hình thành bằng phổ hồng ngoại, khảo sát độ bền nhiệt...

Zapisane w:
Opis bibliograficzny
1. autor: Nguyễn, Thị Yến Nhi
Format: Książka
Język:Undetermined
Wydane: Cần Thơ Trường Đại học Cần Thơ 2012
Hasła przedmiotowe:
Etykiety: Dodaj etykietę
Nie ma etykietki, Dołącz pierwszą etykiete!
Thư viện lưu trữ: Trung tâm Học liệu Trường Đại học Cần Thơ
LEADER 01152nam a2200217Ia 4500
001 CTU_175461
008 210402s9999 xx 000 0 und d
082 |a 547.0504426 
082 |b Nh300 
088 |a 60440119 
100 |a Nguyễn, Thị Yến Nhi 
245 0 |a Nghiên cứu điều chế MOF - 199 và khảo sát khả năng hấp phụ CO2 của vật liệu : 
245 0 |b Luận văn thạc sĩ chuyên ngành hóa lý thuyết và hóa lý 
245 0 |c Nguyễn Thị Yến Nhi ; Hoàng Tiến Cường (Hướng dẫn khoa học) 
260 |a Cần Thơ 
260 |b Trường Đại học Cần Thơ 
260 |c 2012 
520 |a Phân tích cấu trúc tinh thể bằng nhiễu xạ tia X, phân tích liên kết và nhóm chức hình thành bằng phổ hồng ngoại, khảo sát độ bền nhiệt... 
650 |a Vật liệu xốp,Porous materials,Supramolecular organometallic chemistry,Siêu phân tử cơ kim hóa học 
904 |i mai,Hải 
980 |a Trung tâm Học liệu Trường Đại học Cần Thơ